| 000 | 01475nam a2200481 i 4500 | ||
|---|---|---|---|
| 001 | 38642 | ||
| 003 | KOSZ 005 | ||
| 005 | 20211207110059.0 | ||
| 008 | 010227s2000 pl a f |000 0 pol | ||
| 015 | _aPB 2001/7628 | ||
| 020 | _a8386890908 | ||
| 035 | _a(PL-WaBN)b14235432-48omnis_nlop | ||
| 035 | _ab14235432 | ||
| 035 | _a(OCoLC)749635660 | ||
| 035 | _a(PL)b0000001423543 | ||
| 040 |
_aWA N _cWA N _dKOSZ 005/HR |
||
| 041 | 0 | _apol | |
| 046 | _k2000 | ||
| 080 | _a659.4 | ||
| 080 | _a316.77:808.5 | ||
| 100 | 1 |
_aMurdoch, Anna _eAutor |
|
| 245 | 1 | 0 |
_aPrezentacje i wystąpienia w public relations / _cAnna Murdoch. |
| 260 |
_aWarszawa : _b"Poltext", _c2000. |
||
| 300 |
_a184 s. : _bil. ; _c24 cm. |
||
| 336 |
_2rdacontent _aTekst _btxt |
||
| 337 |
_2rdamedia _aBez urządzenia pośredniczącego _bn |
||
| 338 |
_2rdacarrier _aWolumin _bnc |
||
| 380 | _aKsiążki | ||
| 380 | _aPoradniki i przewodniki | ||
| 388 | _a1901-2000 | ||
| 388 | _a1989-2000 | ||
| 490 | 1 | _aWarsztaty Menedżerskie | |
| 504 | _aBibliogr. | ||
| 658 | _aMedia i komunikacja społeczna | ||
| 655 | 7 |
_aPoradnik _2DBN |
|
| 650 | 7 |
_aPublic relations _2DBN |
|
| 650 | 7 |
_aPrezentacje i wystąpienia _2DBN |
|
| 710 | 2 |
_aWydawnictwo Poltext. _4pbl |
|
| 830 | 0 | _aWarsztaty Menedżerskie | |
| 856 |
_uhttp://koha.tu.koszalin.pl/cgi-bin/koha/opac-detail.pl?biblionumber=38942 _yKatalog online BPK |
||
| 942 |
_2UKD _cKS |
||
| 999 |
_c38642 _d38642 |
||